Vícerozměrné statistické metody [1]

Enregistré dans:
Détails bibliographiques
Auteur principal: Hebák, Petr
Autres auteurs: Hustopecký, Jiří, Jarošová, Eva, Pecáková, Iva
Format: Livre
Langue:tchèque
Publié: Praha Informatorium 2004
Sujets:
Tags: Ajouter un tag
Pas de tags, Soyez le premier à ajouter un tag!

MARC

LEADER 00000nam$a2200000$$$4500
001 0043664
005 20240313133633.4
020 |a 80-7333-025-3 
041 0 |a cze 
044 |a CZ 
245 1 0 |a Vícerozměrné statistické metody [1]  |c Petr Hebák, Jiří Hustopecký, Eva Jarošová, Iva Pecáková 
264 1 |a Praha  |b Informatorium  |c 2004 
300 |a 239 s. 
610 2 0 |a metódy štatistické 
610 2 0 |a modely 
610 2 0 |a modely matematické 
610 2 0 |a odhad štatistický 
610 2 0 |a testy 
610 2 0 |a hypotézy 
610 2 0 |a analýzy 
610 2 0 |a dáta 
610 2 0 |a matice 
610 2 0 |a korelácia 
100 1 |a Hebák, Petr 
700 1 |a Hustopecký, Jiří 
700 1 |a Jarošová, Eva 
700 1 |a Pecáková, Iva